Normal view
MARC view
- International Telecommunication Union
Entry Personal Name
001 - CONTROL NUMBER
- control field: 105193
003 - CONTROL NUMBER IDENTIFIER
- control field: NUST
005 - DATE AND TIME OF LATEST TRANSACTION
- control field: 20221219120129.0
008 - FIXED-LENGTH DATA ELEMENTS
- fixed length control field: 221219|| aca||aabn | a|a d
040 ## - CATALOGING SOURCE
- Original cataloging agency: NUST
- Transcribing agency: NUST
100 ## - HEADING--PERSONAL NAME
- Personal name: International Telecommunication Union
670 ## - SOURCE DATA FOUND
- Source citation: Work cat.: (NUST)183039: International Telecommunication Union, Radio regulations ;, 1959
